Don Quijote de la Mancha / (Record no. 43537)

MARC details
000 -LEADER
campo de control de longitud fija 00676nam a2200217 i 4500
001 - NÚMERO DE CONTROL
campo de control 43537
003 - IDENTIFICADOR DE NÚMERO DE CONTROL
campo de control ES-MaACL
005 - FECHA Y HORA DE LA ÚLTIMA TRANSACCIÓN
campo de control 20240224062533.0
007 - CAMPO FIJO DE DESCRIPCIÓN FÍSICA--INFORMACIÓN GENERAL
campo de control de longitud fija t|
008 - DATOS DE LONGITUD FIJA--INFORMACIÓN GENERAL
campo de control de longitud fija 030318s1977 sp ||||1| spa d
020 ## - NÚMERO INTERNACIONAL ESTÁNDAR DEL LIBRO
Número Internacional Estándar del Libro 84-85137-51-5
080 ## - NÚMERO DE LA CLASIFICACIÓN DECIMAL UNIVERSAL
Número de la Clasificación Decimal Universal 821.134.2-31"15"
100 1# - ENTRADA PRINCIPAL--NOMBRE DE PERSONA
Nombre de persona Cervantes Saavedra, Miguel de,
Fechas asociadas al nombre 1547-1616
9 (RLIN) 226514
240 10 - TÍTULO UNIFORME
Título uniforme Don Quijote de la Mancha
245 10 - MENCIÓN DEL TÍTULO
Título Don Quijote de la Mancha /
Mención de responsabilidad, etc. Miguel de Cervantes.
260 ## - PUBLICACIÓN, DISTRIBUCIÓN, ETC.
Lugar de publicación, distribución, etc. Madrid :
Nombre del editor, distribuidor, etc. Turner,
Fecha de publicación, distribución, etc. 1977.
300 ## - DESCRIPCIÓN FÍSICA
Extensión 4 v. :
Otras características físicas il. ;
Dimensiones 30 cm.
534 ## - NOTA SOBRE LA VERSIÓN ORIGINAL
Frase introductoria Facsímil de la ed. de:
Publicación, distribución, etc. del original Real Academia Española, impresa por Joaquín Ibarra, 1780.
852 4# - LOCALIZACIÓN
Ubicación ES-MaACL
Número de control de estantería A-7521-24
Holdings
Estatus retirado Estado de pérdida Estado de daño No para préstamo Biblioteca de origen Biblioteca actual Ubicación en estantería Fecha de adquisición Fuente de adquisición Total de préstamos Signatura topográfica completa Código de barras Visto por última vez Precio de reemplazo Tipo de ítem Koha
        Biblioteca del Ateneo de Madrid Biblioteca del Ateneo de Madrid Sala Pecera Planta 1 17/01/2008     A-7521-24 1045832 23/02/2023 23/02/2023 Libro impreso